000 00638nam a2200229Ia 4500
005 20241216010108.0
008 180423s9999||||xx |||||||||||||| ||und||
020 _a84-283-2037-3
082 _a372.35
_bF38
100 _aFERNANDEZ GONZALEZ, JOSE LUIS
245 0 _aPROYECTOS EN EL AULA TECNOLOGIA
_bEDUCACION SECUNDARIA OBLIGATORIA
250 _a0
260 _aMADRID-ESPAÑA
_bPARANINFO S. A.
_c1993
300 _a134 pag.
_c29.5 cm
341 _h67
490 _v0
_a0
505 _aPROYECTOS
541 _aC
_bLIBRERIA SAN CRISTOBAL
_d15-Nov-00
_odólar
650 _aCIENCIAS SOCIALES
856 _zHumanidades
942 _cLIBRO
999 _c5383
_d5383